| 000 | 00479nam a2200181Ia 4500 | ||
|---|---|---|---|
| 005 | 20250508152517.0 | ||
| 008 | 008 250505s9999 xx 000 0 hin d | ||
| 037 | _aTextual | ||
| 040 |
_aFEDL _beng _cFEDL |
||
| 041 |
_ahin _2hin |
||
| 084 |
_a891.431, SHA _qFEDL |
||
| 100 | _aSharma Rajendra | ||
| 245 | 0 | _aGyan -satsai | |
| 260 |
_aDelhi, India _bAtma Ram and Sons _c1958 |
||
| 300 | _a106p | ||
| 942 |
_cTEXL _h891.431, SHA |
||
| 999 |
_c1336899 _d1336899 |
||